30 pays avec le meilleur PIB - Statistiques

Statistiques générales
  • Ce quiz a été pris 296 fois
  • Le résultat moyen est 24 sur 30
Statistiques - réponses
Classement Pays % Correct
7 France
99%
1 Usa
99%
2 Chine
98%
4 Allemagne
97%
9 Russie
96%
3 Japon
95%
5 Inde
93%
12 Italie
93%
10 Bresil
92%
16 Espagne
92%
6 Royaume Uni
92%
8 Canada
91%
25 Argentine
87%
14 Australie
87%
15 Mexique
86%
22 Suisse
86%
24 Suède
84%
13 Coree
82%
23 Pologne
81%
18 Pays Bas
77%
26 Belgique
75%
19 Arabie Saoudite
72%
17 Indonesie
69%
20 Turquie
68%
28 Autriche
67%
30 Irlande
61%
11 Iran
58%
27 Thailande
55%
29 Nigeria
40%
21 Taiwan
34%
Aucun quiz correspondant
Distribution des résultats
% des personnes avec chaque résultat
Percentile par nombre de réponses
Votre historique - résultats
Vous n’avez pas pris ce quiz